000 00681nam a2200229Ia 4500
003 OSt
005 20221005123549.0
006 a|||||r|||| 00| 0
007 ta
008 221004b |||||||| |||| 00| 0 eng d
024 _a53937
037 _cTextual
040 _aCRL
_cCRL
_beng
041 _2eng
_aeng
082 _aR625x6:1:9, K7
100 _aGoekoop C.
_9633826
245 0 _aLogic of invariable concomitance in the tattvacintamani
_b Gangesa's anumitinirupana and vyaptivada with introduction translation and commentary.
260 _c1967
650 _aPHILOSOPHY
942 _hR625x6:1:9, K7
_cTEXL
_2cc
999 _c1047783
_d1047783